[Event "DVM U12 2015"]
[Site "Magdeburg GER"]
[Date "2015.12.27"]
[Round "2"]
[White "Grunert, Wilhelm"]
[Black "Maas, Kolja"]
[Result "1-0"]
[Termination "normal"]
[Board "4.4"]
[WhiteElo "1374"]
[BlackElo "1139"]
[WhiteTeam "SK München Südost"]
[BlackTeam "Lübecker SV von 1873"]
[PlyCount "91"]
[WhiteFideId "12995673"]
[BlackFideId "16220420"]
[EventCountry "GER"]
[EventRounds "7"]
[EventType "team-swiss"]
[EventDate "2015.12.26"]

1. e4 e5 2. Nf3 Nc6 3. Bb5 Nf6 4. O-O a6 5. Bxc6 dxc6 6. Nxe5 Qd4 7. Nf3 Qd6 8.
Re1 Qe6 9. d4 Be7 10. Nc3 O-O 11. Bf4 Bd8 12. Qd2 Nh5 13. Rad1 Qg4 14. Bg3 Nxg3
15. hxg3 Be6 16. d5 cxd5 17. exd5 Bf5 18. Ne5 Qb4 19. b3 Bf6 20. Na4 Qxd2 21.
Rxd2 Rfe8 22. Rde2 Bxc2 23. Rxc2 Rxe5 24. Rxe5 Bxe5 25. f4 Bd6 26. Nc5 b6 27.
Nb7 Bc5+ 28. Nxc5 bxc5 29. Rxc5 g6 30. Rxc7 Rd8 31. Rc5 Kf8 32. b4 Ke7 33. b5
axb5 34. Rxb5 Ra8 35. Rb2 Kd6 36. Rd2 Ra5 37. Kf2 Rxd5 38. Rxd5+ Kxd5 39. Kf3
f6 40. Kg4 h5+ 41. Kh4 Ke4 42. a4 Kd4 43. g4 hxg4 44. Kxg4 Kc5 45. f5 gxf5+ 46.
Kxf5 1-0

[Event "DVM U12 2015"]
[Site "Magdeburg GER"]
[Date "2015.12.27"]
[Round "2"]
[White "Grabbel, Lennart Christian"]
[Black "Jakob, Georg"]
[Result "1/2-1/2"]
[Termination "normal"]
[Board "5.1"]
[WhiteElo "1687"]
[BlackElo "1459"]
[WhiteTeam "Hamburger SK von 1830"]
[BlackTeam "SG Königskinder Hohentübingen"]
[PlyCount "72"]
[WhiteFideId "16201620"]
[BlackFideId "16224221"]
[EventCountry "GER"]
[EventRounds "7"]
[EventType "team-swiss"]
[EventDate "2015.12.26"]

1. Nf3 c5 2. c4 Nf6 3. Nc3 Nc6 4. g3 g6 5. Bg2 d5 6. cxd5 Nxd5 7. Qb3 Nb6 8.
Ng5 e6 9. d3 Nd4 10. Qd1 Bg7 11. O-O O-O 12. Be3 Nd5 13. Nge4 b6 14. Bd2 Bb7
15. Nxd5 exd5 16. Nc3 Qd7 17. e3 Nf5 18. Qg4 d4 19. exd4 cxd4 20. Ne4 Qb5 21.
a3 Qxd3 22. Bb4 Rfe8 23. Nf6+ Bxf6 24. Bxb7 Rad8 25. Rad1 Qe2 26. Qxe2 Rxe2 27.
Rd2 Rxd2 28. Bxd2 Nd6 29. Bd5 Nf5 30. Bb3 Nd6 31. Rd1 Ne4 32. f3 Nc5 33. Bc4
Re8 34. b4 Ne6 35. Bc1 Rc8 36. Be2 Kg7 1/2-1/2

[Event "DVM U12 2015"]
[Site "Magdeburg GER"]
[Date "2015.12.27"]
[Round "2"]
[White "Wang, Xinyuan"]
[Black "Müller, Marvin"]
[Result "1/2-1/2"]
[Termination "normal"]
[Board "5.2"]
[WhiteElo "1255"]
[BlackElo "1536"]
[WhiteTeam "SG Königskinder Hohentübingen"]
[BlackTeam "Hamburger SK von 1830"]
[PlyCount "94"]
[WhiteFideId "16221494"]
[BlackFideId "16214528"]
[EventCountry "GER"]
[EventRounds "7"]
[EventType "team-swiss"]
[EventDate "2015.12.26"]

1. d4 d5 2. c4 c6 3. Nf3 Nf6 4. Nc3 Bf5 5. Bf4 e6 6. Qb3 Qb6 7. e3 Qxb3 8. axb3
Nbd7 9. c5 b6 10. b4 Be7 11. Be2 O-O 12. O-O Rfe8 13. Ra3 a5 14. Rfa1 bxc5 15.
bxc5 Bd8 16. h3 Nf8 17. Ne5 Re7 18. Nxc6 Rb7 19. Nb5 Ng6 20. Bg3 Ne4 21. Nxd8
Rxd8 22. Rxa5 Nxg3 23. fxg3 h6 24. Nd6 Rxb2 25. Nxf5 Rxe2 26. Nd6 Rxe3 27. R5a3
Re2 28. Rc1 Ne7 29. Rf3 f6 30. Nb5 Rb2 31. Nc7 Kf7 32. Re3 Rb7 33. Nxe6 Rc8 34.
Nf4 Nc6 35. Rd3 Rbc7 36. Kf2 Rd7 37. g4 Ne7 38. Re1 Nc6 39. Re6 Nb4 40. Rd2 Nc6
41. Rd6 Rxd6 42. cxd6 Rd8 43. Ke3 Rxd6 44. Rc2 Ne7 45. g3 Rb6 46. Rd2 Rd6 47.
h4 Rd7 1/2-1/2

[Event "DVM U12 2015"]
[Site "Magdeburg GER"]
[Date "2015.12.27"]
[Round "2"]
[White "Weber, Kian"]
[Black "Aptyka, Tim"]
[Result "1/2-1/2"]
[Termination "normal"]
[Board "5.3"]
[WhiteElo "1343"]
[BlackElo "1298"]
[WhiteTeam "Hamburger SK von 1830"]
[BlackTeam "SG Königskinder Hohentübingen"]
[PlyCount "163"]
[WhiteFideId "16234928"]
[BlackFideId "16255860"]
[EventCountry "GER"]
[EventRounds "7"]
[EventType "team-swiss"]
[EventDate "2015.12.26"]

1. e4 c5 2. Nf3 e6 3. d4 cxd4 4. Nxd4 Nf6 5. Nc3 a6 6. Bg5 Be7 7. Qd2 h6 8. Be3
Bb4 9. Nb3 Nxe4 10. Qd4 Bxc3+ 11. bxc3 Nf6 12. Bd3 Nc6 13. Qf4 Nd5 14. Qg3 Qf6
15. Nd4 g6 16. O-O Qe5 17. Qxe5 Nxe5 18. c4 Nb6 19. c5 Nd5 20. Nb3 Rb8 21. Bd4
f6 22. Bxe5 fxe5 23. Bxg6+ Ke7 24. Rae1 Rg8 25. Be4 Nc3 26. Bf3 Rg5 27. Re3 Nd5
28. Re4 Kf6 29. Rh4 Kg6 30. Be4+ Kg7 31. Nd2 h5 32. Nf3 Rg4 33. Rxg4+ hxg4 34.
Nxe5 Nf6 35. Re1 b6 36. c6 dxc6 37. Bxc6 Bb7 38. g3 Bxc6 39. Nxc6 Re8 40. Kg2
Kf7 41. h3 gxh3+ 42. Kxh3 Rc8 43. Nd4 Re8 44. a4 e5 45. Nf5 Kg6 46. Nd6 Re6 47.
Ne4 Nd5 48. c4 Nb4 49. Rb1 Nd3 50. g4 Nf4+ 51. Kh4 Rc6 52. f3 Ng2+ 53. Kg3 Ne3
54. Nd2 Kg5 55. Ne4+ Kg6 56. Nd2 Rd6 57. Ne4 Re6 58. Rb4 a5 59. Rb3 Nxc4 60.
Rc3 Nb2 61. Ra3 Rc6 62. f4 exf4+ 63. Kxf4 Rc4 64. Ke5 Rxa4 65. Rxa4 Nxa4 66.
Kd5 b5 67. Kd4 Kg7 68. g5 Kg6 69. Kd3 Nb2+ 70. Kc3 Nc4 71. Kb3 Kf5 72. Kc3 Ne5
73. Kd4 b4 74. Nd2 Ke6 75. Kc5 Nd3+ 76. Kb5 Kf5 77. Kxa5 Kxg5 78. Ka4 Kf4 79.
Kb3 Ke3 80. Nc4+ Kd4 81. Nb2 Nxb2 82. Kxb4 1/2-1/2

[Event "DVM U12 2015"]
[Site "Magdeburg GER"]
[Date "2015.12.27"]
[Round "2"]
[White "Dunder, Tim"]
[Black "Fuhrmann, Philipp"]
[Result "0-1"]
[Termination "normal"]
[Board "5.4"]
[WhiteElo "922"]
[BlackElo "1190"]
[WhiteTeam "SG Königskinder Hohentübingen"]
[BlackTeam "Hamburger SK von 1830"]
[PlyCount "34"]
[BlackFideId "16227557"]
[EventCountry "GER"]
[EventRounds "7"]
[EventType "team-swiss"]
[EventDate "2015.12.26"]

1. e4 e5 2. Nf3 Nc6 3. Bb5 a6 4. Ba4 Nf6 5. Nc3 Bb4 6. O-O d6 7. d3 Bg4 8. Bd2
b5 9. Bb3 Nd4 10. h3 Nxf3+ 11. gxf3 Bxh3 12. Re1 Bxc3 13. Bxc3 Nh5 14. Qd2 Nf4
15. Kh2 Qh4 16. Qxf4 exf4 17. Rg1 Bf1# 0-1

[Event "DVM U12 2015"]
[Site "Magdeburg GER"]
[Date "2015.12.27"]
[Round "2"]
[White "Noever, Niklas"]
[Black "Liebold, Aaron"]
[Result "1-0"]
[Termination "normal"]
[Board "6.1"]
[WhiteElo "1592"]
[BlackElo "1666"]
[WhiteTeam "Rheydter SV 1920"]
[BlackTeam "ESV Gera"]
[PlyCount "67"]
[WhiteFideId "12988642"]
[BlackFideId "12997846"]
[EventCountry "GER"]
[EventRounds "7"]
[EventType "team-swiss"]
[EventDate "2015.12.26"]

1. e4 c5 2. Nc3 g6 3. d4 Bg7 4. g3 Nc6 5. Bg2 d6 6. Nh3 Nf6 7. O-O Bd7 8. Be3
O-O 9. f4 Ng4 10. Bf2 Nxf2 11. Nxf2 Qa5 12. Qd2 Rac8 13. g4 b5 14. a3 Nxd4 15.
Rfd1 e6 16. g5 e5 17. fxe5 Bxe5 18. Nd5 Qd8 19. Rab1 Bc6 20. c3 Ne6 21. h4 Bxd5
22. exd5 Nf4 23. Ng4 Nxg2 24. Kxg2 Qd7 25. Qe2 Rce8 26. Qf3 Re7 27. Re1 Rfe8
28. Re4 Kg7 29. Nf6 Bxf6 30. gxf6+ Kg8 31. fxe7 Rxe7 32. Rbe1 Rxe4 33. Qxe4 Kg7
34. Kg3 1-0

[Event "DVM U12 2015"]
[Site "Magdeburg GER"]
[Date "2015.12.27"]
[Round "2"]
[White "Schubert, Nikita"]
[Black "Bartels, Simon"]
[Result "1-0"]
[Termination "normal"]
[Board "6.2"]
[WhiteElo "1652"]
[BlackElo "1512"]
[WhiteTeam "ESV Gera"]
[BlackTeam "Rheydter SV 1920"]
[PlyCount "45"]
[WhiteFideId "16212339"]
[BlackFideId "12990140"]
[EventCountry "GER"]
[EventRounds "7"]
[EventType "team-swiss"]
[EventDate "2015.12.26"]

1. d4 d5 2. Nf3 Nf6 3. e3 e6 4. Bd3 c5 5. b3 Nc6 6. a3 b6 7. Bb2 Bb7 8. Nbd2
Qc7 9. Ne5 Nxe5 10. dxe5 Nd7 11. f4 Be7 12. O-O O-O 13. Qh5 h6 14. Rf3 Kh8 15.
Rh3 Qc6 16. Rf1 d4 17. e4 Kh7 18. Rff3 Nxe5 19. fxe5 Qe8 20. Rfg3 f5 21. Rxg7+
Kxg7 22. Qxh6+ Kf7 23. Qh7# 1-0

[Event "DVM U12 2015"]
[Site "Magdeburg GER"]
[Date "2015.12.27"]
[Round "2"]
[White "Müdder, Melanie"]
[Black "Schulter, Moritz"]
[Result "1-0"]
[Termination "normal"]
[Board "6.3"]
[WhiteElo "1544"]
[BlackElo "1220"]
[WhiteTeam "Rheydter SV 1920"]
[BlackTeam "ESV Gera"]
[PlyCount "41"]
[WhiteFideId "12994103"]
[BlackFideId "16245067"]
[EventCountry "GER"]
[EventRounds "7"]
[EventType "team-swiss"]
[EventDate "2015.12.26"]

1. e4 e5 2. Bc4 Nf6 3. d4 exd4 4. Nf3 Nxe4 5. Qxd4 Nf6 6. Nc3 Nc6 7. Qh4 Be7 8.
Bg5 h6 9. O-O d5 10. Bd3 Be6 11. Rae1 Qd7 12. Bb5 O-O-O 13. Qa4 hxg5 14. Ne5
Qd6 15. Bxc6 Rdf8 16. Qxa7 Kd8 17. Qb8+ Bc8 18. Bxb7 Ke8 19. Qxc8+ Qd8 20. Bc6+
Nd7 21. Bxd7# 1-0

[Event "DVM U12 2015"]
[Site "Magdeburg GER"]
[Date "2015.12.27"]
[Round "2"]
[White "Helmsdorf, Marius"]
[Black "Hansen, Jonah"]
[Result "1/2-1/2"]
[Termination "normal"]
[Board "6.4"]
[WhiteElo "1220"]
[BlackElo "1073"]
[WhiteTeam "ESV Gera"]
[BlackTeam "Rheydter SV 1920"]
[PlyCount "61"]
[WhiteFideId "16274873"]
[BlackFideId "16276841"]
[EventCountry "GER"]
[EventRounds "7"]
[EventType "team-swiss"]
[EventDate "2015.12.26"]

1. d4 Nf6 2. c4 e6 3. Nc3 Bb4 4. a3 Bxc3+ 5. bxc3 O-O 6. Nf3 h6 7. Qc2 b6 8. e4
d6 9. Bd3 Nbd7 10. Bf4 Nh5 11. Bd2 e5 12. O-O Re8 13. Rfe1 Ba6 14. Rab1 Bb7 15.
h3 Rc8 16. Qc1 c5 17. d5 Nhf6 18. Nh4 Nxd5 19. Nf5 Nxc3 20. Qxc3 Nf8 21. Bc1
Rc7 22. Qd2 Qf6 23. Bc2 Rd8 24. Rd1 d5 25. cxd5 Ba6 26. Qc3 Ng6 27. Ba4 b5 28.
Bc2 Nf4 29. Kh1 Ne2 30. Qe3 Nd4 31. Nxd4 1/2-1/2

[Event "DVM U12 2015"]
[Site "Magdeburg GER"]
[Date "2015.12.27"]
[Round "2"]
[White "Leonard, Timo"]
[Black "Astner, Sebastian"]
[Result "1/2-1/2"]
[Termination "normal"]
[Board "7.1"]
[WhiteElo "1880"]
[BlackElo "1678"]
[WhiteTeam "TuS Ende 1892"]
[BlackTeam "FC Ergolding 1932"]
[PlyCount "41"]
[WhiteFideId "16208757"]
[BlackFideId "12979422"]
[EventCountry "GER"]
[EventRounds "7"]
[EventType "team-swiss"]
[EventDate "2015.12.26"]

1. e4 e5 2. Nf3 Nc6 3. c3 Nf6 4. d4 Nxe4 5. d5 Ne7 6. Nxe5 Ng6 7. Nxg6 hxg6 8.
Bd3 Nf6 9. c4 Bd6 10. Qe2+ Qe7 11. Qxe7+ Kxe7 12. h3 Bb4+ 13. Bd2 Bxd2+ 14.
Kxd2 d6 15. Re1+ Kd8 16. Nc3 Bf5 17. Re2 Kd7 18. Rae1 Rhe8 19. Rxe8 Rxe8 20.
Rxe8 Nxe8 21. g4 1/2-1/2

[Event "DVM U12 2015"]
[Site "Magdeburg GER"]
[Date "2015.12.27"]
[Round "2"]
[White "Kühne, Maria"]
[Black "Blinov, Sergei"]
[Result "1-0"]
[Termination "normal"]
[Board "7.2"]
[WhiteElo "1603"]
[BlackElo "1214"]
[WhiteTeam "FC Ergolding 1932"]
[BlackTeam "TuS Ende 1892"]
[PlyCount "77"]
[WhiteFideId "12997412"]
[EventCountry "GER"]
[EventRounds "7"]
[EventType "team-swiss"]
[EventDate "2015.12.26"]

1. e4 c6 2. d4 d5 3. Nc3 Nf6 4. e5 Ng8 5. Bd3 e6 6. Nge2 c5 7. dxc5 Bxc5 8. O-O
Nc6 9. Bf4 Nge7 10. Na4 Bb6 11. Nxb6 Qxb6 12. b3 Ng6 13. Bxg6 hxg6 14. Be3 Qc7
15. f4 b6 16. Rc1 Ba6 17. Rf2 O-O 18. Nd4 Nxd4 19. Bxd4 Rac8 20. c3 Qe7 21. b4
Bc4 22. a4 Rb8 23. a5 Qd7 24. Ra1 Qc6 25. Rb2 Rb7 26. Qe1 Rfb8 27. Qf2 Qc7 28.
a6 Qd7 29. axb7 Qxb7 30. g4 Qe7 31. Qg3 Ra8 32. h4 Qd8 33. g5 Kf8 34. Qh3 Qe8
35. h5 gxh5 36. Qxh5 g6 37. Qh8+ Ke7 38. Qxe8+ Rxe8 39. Rxa7+ 1-0

[Event "DVM U12 2015"]
[Site "Magdeburg GER"]
[Date "2015.12.27"]
[Round "2"]
[White "Dehn, Lukas"]
[Black "Sowka, Patrick"]
[Result "0-1"]
[Termination "normal"]
[Board "7.3"]
[WhiteElo "1104"]
[BlackElo "1418"]
[WhiteTeam "TuS Ende 1892"]
[BlackTeam "FC Ergolding 1932"]
[PlyCount "48"]
[BlackFideId "16234944"]
[EventCountry "GER"]
[EventRounds "7"]
[EventType "team-swiss"]
[EventDate "2015.12.26"]

1. e4 e5 2. Nf3 Nc6 3. Nc3 Bc5 4. Bc4 d6 5. d3 Be6 6. b3 Nf6 7. O-O O-O 8. Re1
Nd4 9. Bg5 Bb4 10. Bd2 Bg4 11. Rc1 c6 12. h3 Nxf3+ 13. gxf3 Bxh3 14. f4 exf4
15. Qf3 Bg4 16. Qxf4 b5 17. Bxf7+ Rxf7 18. f3 Bxc3 19. Bxc3 Be6 20. Kf2 Ng4+
21. Ke2 Rxf4 22. Rg1 Ne5 23. Rg3 Qf6 24. Rcg1 Rf8 0-1

[Event "DVM U12 2015"]
[Site "Magdeburg GER"]
[Date "2015.12.27"]
[Round "2"]
[White "Handschuh, Felix"]
[Black "Rapoport, Valerie"]
[Result "1-0"]
[Termination "normal"]
[Board "7.4"]
[WhiteElo "1148"]
[BlackElo "1093"]
[WhiteTeam "FC Ergolding 1932"]
[BlackTeam "TuS Ende 1892"]
[PlyCount "73"]
[WhiteFideId "12997447"]
[BlackFideId "12952427"]
[EventCountry "GER"]
[EventRounds "7"]
[EventType "team-swiss"]
[EventDate "2015.12.26"]

1. e4 e5 2. Bc4 Nf6 3. d3 Nc6 4. Ne2 Na5 5. Nbc3 Nxc4 6. dxc4 d6 7. O-O Bg4 8.
f4 Be7 9. Qd3 O-O 10. Ng3 Qc8 11. Nf5 Bxf5 12. exf5 Rd8 13. Qe2 Qxf5 14. fxe5
Qxe5 15. Re1 Qc5+ 16. Be3 Qc6 17. Bg5 Re8 18. Nd5 Qd7 19. Nxe7+ Qxe7 20. Qxe7
Rxe7 21. Rxe7 Nh5 22. g4 Nf6 23. Bxf6 gxf6 24. Rf1 Kg7 25. Rxc7 b6 26. Rd7 Rc8
27. b3 Rc6 28. Rxa7 h6 29. h4 Kg6 30. Re1 Rc5 31. Ree7 h5 32. Rxf7 hxg4 33.
Rg7+ Kf5 34. Rge7 Rc8 35. Kg2 Rg8 36. Kg3 Rg6 37. Rg7 1-0

[Event "DVM U12 2015"]
[Site "Magdeburg GER"]
[Date "2015.12.27"]
[Round "2"]
[White "Stirnberg, Noah"]
[Black "Triantafillidis, Simeon"]
[Result "1-0"]
[Termination "normal"]
[Board "8.1"]
[WhiteElo "1688"]
[BlackElo "1595"]
[WhiteTeam "SK Blauer Springer Paderborn 1926"]
[BlackTeam "SF HN-Biberach 1978"]
[PlyCount "49"]
[WhiteFideId "16207742"]
[BlackFideId "12953113"]
[EventCountry "GER"]
[EventRounds "7"]
[EventType "team-swiss"]
[EventDate "2015.12.26"]

1. e4 e5 2. Nf3 Nc6 3. Bb5 a6 4. Ba4 b5 5. Bb3 Nf6 6. O-O g6 7. c3 Bg7 8. Re1
O-O 9. d4 d6 10. Be3 Bb7 11. Nbd2 Re8 12. Bc2 a5 13. a4 b4 14. Bd3 Qd7 15. h3
Re7 16. Qc2 Rae8 17. Bb5 exd4 18. cxd4 d5 19. e5 Ne4 20. Rac1 Nxd2 21. Bxd2 Re6
22. Ng5 Nxd4 23. Bxd7 Nxc2 24. Bxe8 Nxe1 25. Bxf7+ 1-0

[Event "DVM U12 2015"]
[Site "Magdeburg GER"]
[Date "2015.12.27"]
[Round "2"]
[White "Gerold, Robin"]
[Black "Brockhoff, Moritz"]
[Result "0-1"]
[Termination "normal"]
[Board "8.2"]
[WhiteElo "1090"]
[BlackElo "1497"]
[WhiteTeam "SF HN-Biberach 1978"]
[BlackTeam "SK Blauer Springer Paderborn 1926"]
[PlyCount "106"]
[WhiteFideId "16235185"]
[BlackFideId "16214927"]
[EventCountry "GER"]
[EventRounds "7"]
[EventType "team-swiss"]
[EventDate "2015.12.26"]

1. e4 e6 2. d4 d5 3. e5 c5 4. c3 Qb6 5. Nf3 Nc6 6. a3 c4 7. Be2 Bd7 8. Nbd2
O-O-O 9. O-O Na5 10. Qc2 Kb8 11. Bd1 Rc8 12. b4 cxb3 13. Qb2 Ba4 14. Rb1 Ne7
15. Bxb3 Bxb3 16. Nxb3 Nxb3 17. Qxb3 Qxb3 18. Rxb3 Nc6 19. Bd2 Na5 20. Rbb1
Bxa3 21. Ra1 Nc4 22. Bc1 Be7 23. Ra2 Nb6 24. Bd2 Nc4 25. Rc1 Rc6 26. Be1 Rhc8
27. Nd2 Na3 28. Nb3 Nb5 29. Rac2 Bb4 30. c4 Bxe1 31. Rxe1 Rxc4 32. Rd2 Rb4 33.
Nc5 Rc7 34. Red1 Nxd4 35. Rxd4 Rxd4 36. Rxd4 Rxc5 37. g3 Rc4 38. Rd3 b5 39. f4
b4 40. Rb3 a5 41. Kf1 a4 42. Rb1 b3 43. Ke1 Rc2 44. Ra1 Ra2 45. Rb1 Rxh2 46.
Rd1 Rh1+ 47. Kd2 Rxd1+ 48. Kxd1 a3 49. Kc1 d4 50. Kb1 d3 51. Kc1 h5 52. Kb1 d2
53. Ka1 d1=Q# 0-1

[Event "DVM U12 2015"]
[Site "Magdeburg GER"]
[Date "2015.12.27"]
[Round "2"]
[White "Janke, Julian"]
[Black "Melzig, Antonio"]
[Result "1-0"]
[Termination "normal"]
[Board "8.3"]
[WhiteElo "1127"]
[BlackElo "1215"]
[WhiteTeam "SK Blauer Springer Paderborn 1926"]
[BlackTeam "SF HN-Biberach 1978"]
[PlyCount "123"]
[WhiteFideId "16229185"]
[BlackFideId "16252764"]
[EventCountry "GER"]
[EventRounds "7"]
[EventType "team-swiss"]
[EventDate "2015.12.26"]

1. d4 d5 2. Bf4 Nf6 3. Nf3 Bf5 4. e3 e6 5. Bd3 Bxd3 6. Qxd3 Nbd7 7. Nbd2 Be7 8.
O-O O-O 9. Ne5 Nxe5 10. Bxe5 Bd6 11. Nf3 Ne4 12. c4 Bxe5 13. Nxe5 Nf6 14. Rac1
c6 15. Qb3 Qc7 16. cxd5 exd5 17. Qd3 Rfe8 18. b4 a6 19. a4 Qd6 20. b5 axb5 21.
axb5 Ra3 22. Qb1 Rc8 23. bxc6 bxc6 24. Qb7 Raa8 25. Rxc6 Qf8 26. Rfc1 Rxc6 27.
Qxc6 h6 28. Nd7 Nxd7 29. Qxd7 Rd8 30. Qc7 Re8 31. h3 Qe7 32. Qxe7 Rxe7 33. Rc8+
Kh7 34. Rd8 Rc7 35. Rxd5 Rc1+ 36. Kh2 Rc2 37. f3 Rc6 38. Rc5 Rf6 39. e4 Kg8 40.
Rc8+ Kh7 41. Re8 Kg6 42. d5 Rd6 43. Rc8 f5 44. Rc6 Rf6 45. exf5+ Kxf5 46. d6
Ke5 47. d7 Rxc6 48. d8=Q Rd6 49. Qe7+ Re6 50. Qxg7+ Rf6 51. f4+ Kf5 52. g4+ Ke6
53. f5+ Ke5 54. Qe7+ Kd5 55. Qxf6 Kc5 56. Qd8 Kb5 57. Qc7 Ka4 58. f6 Kb5 59. f7
Ka6 60. f8=R Kb5 61. Rb8+ Ka4 62. Qa7# 1-0

[Event "DVM U12 2015"]
[Site "Magdeburg GER"]
[Date "2015.12.27"]
[Round "2"]
[White "Dittmar, Elia"]
[Black "Matthiessen, Linus"]
[Result "0-1"]
[Termination "normal"]
[Board "8.4"]
[WhiteElo "1018"]
[BlackElo "1237"]
[WhiteTeam "SF HN-Biberach 1978"]
[BlackTeam "SK Blauer Springer Paderborn 1926"]
[PlyCount "164"]
[WhiteFideId "16269098"]
[BlackFideId "16222555"]
[EventCountry "GER"]
[EventRounds "7"]
[EventType "team-swiss"]
[EventDate "2015.12.26"]

1. c4 e6 2. d4 Nf6 3. Bg5 Be7 4. Nf3 h6 5. Bf4 c5 6. e3 Nc6 7. Nc3 cxd4 8. Nxd4
Nxd4 9. exd4 O-O 10. Bd3 d5 11. O-O Qd7 12. Qd2 Rd8 13. Ne2 b6 14. Rfd1 Ba6 15.
b3 Rac8 16. Rac1 b5 17. cxd5 Qxd5 18. f3 Bb7 19. Rxc8 Rxc8 20. Rc1 Rd8 21. Rd1
Kf8 22. Bxh6 gxh6 23. Qxh6+ Ke8 24. Nf4 Qxd4+ 25. Kh1 Bf8 26. Bxb5+ Ke7 27.
Rxd4 Bxh6 28. Rxd8 Kxd8 29. Ne2 a6 30. Bd3 Nd7 31. a4 Nc5 32. Bc4 Bd5 33. Nc3
Bxc4 34. bxc4 Be3 35. h4 Nd7 36. Kh2 Nb6 37. Kg3 f5 38. f4 Ke7 39. a5 Nxc4 40.
Na2 Nxa5 41. Nb4 Kf6 42. Nxa6 Nc4 43. Kf3 e5 44. g3 e4+ 45. Ke2 Kg6 46. Kf1 Kh5
47. Kg2 Kg4 48. Nb4 Bd4 49. Nd5 Ne3+ 50. Nxe3+ Bxe3 51. Kh2 Bf2 52. Kg2 Bxg3
53. h5 Bxf4 54. h6 Bxh6 55. Kf2 e3+ 56. Ke2 f4 57. Ke1 f3 58. Kf1 e2+ 59. Kf2
Bg5 60. Ke1 Bh4+ 61. Kd2 e1=Q+ 62. Kc2 f2 63. Kb3 f1=R 64. Kc4 Qe3 65. Kd5 Rf4
66. Kd6 Rf5 67. Kd7 Qe6+ 68. Kxe6 Kf4 69. Kd6 Re5 70. Kd7 Ke4 71. Kd6 Kd4 72.
Kc6 Rd5 73. Kb6 Rc5 74. Kb7 Kc4 75. Kb6 Kb4 76. Kb7 Kb5 77. Ka7 Rc6 78. Kb7 Be1
79. Ka7 Rb6 80. Ka8 Kc6 81. Ka7 Kc7 82. Ka8 Ra6# 0-1

[Event "DVM U12 2015"]
[Site "Magdeburg GER"]
[Date "2015.12.27"]
[Round "2"]
[White "Eschner, Fabian"]
[Black "Burghoff, Elias"]
[Result "1-0"]
[Termination "normal"]
[Board "9.1"]
[WhiteElo "1399"]
[BlackElo "1323"]
[WhiteTeam "Schachzwerge Magdeburg"]
[BlackTeam "TSG Apolda"]
[PlyCount "119"]
[WhiteFideId "16232860"]
[EventCountry "GER"]
[EventRounds "7"]
[EventType "team-swiss"]
[EventDate "2015.12.26"]

1. e4 e6 2. d4 d5 3. exd5 exd5 4. Bf4 Nf6 5. Nc3 Nc6 6. Nb5 Bd6 7. Nxd6+ cxd6
8. Nf3 O-O 9. Be2 Bf5 10. O-O Qb6 11. Bxd6 Rfd8 12. Ba3 Be4 13. c3 Qc7 14. Bd3
Re8 15. Re1 Qf4 16. Ne5 Nxe5 17. dxe5 Bxd3 18. Qxd3 Rxe5 19. Bc5 b6 20. Rxe5
Qxe5 21. Qe3 Re8 22. Re1 Qxe3 23. Bxe3 Ng4 24. Bd2 Rxe1+ 25. Bxe1 Ne5 26. Bd2
Nd3 27. b3 f5 28. Kf1 Kf7 29. Ke2 Nc5 30. f3 Ke6 31. Bf4 Kd7 32. Ke3 Ne6 33.
Be5 g6 34. f4 Kc6 35. h3 h5 36. Bd4 a6 37. g3 b5 38. Kd3 Nc5+ 39. Bxc5 Kxc5 40.
b4+ Kc6 41. Kd4 Kd6 42. a3 Ke6 43. Kc5 Kd7 44. Kxd5 Ke7 45. c4 bxc4 46. Kxc4
Kd6 47. a4 Kc6 48. Kd4 Kd6 49. h4 Kc6 50. Ke5 Kc7 51. Kf6 Kd6 52. Kxg6 Kd5 53.
Kxf5 Kc4 54. b5 axb5 55. axb5 Kxb5 56. Ke6 Kc4 57. f5 Kd4 58. f6 Ke4 59. f7 Kf3
60. f8=Q+ 1-0

[Event "DVM U12 2015"]
[Site "Magdeburg GER"]
[Date "2015.12.27"]
[Round "2"]
[White "Henzgen, Nick"]
[Black "Unger, Matti"]
[Result "1-0"]
[Termination "normal"]
[Board "9.2"]
[WhiteElo "1523"]
[BlackElo "847"]
[WhiteTeam "TSG Apolda"]
[BlackTeam "Schachzwerge Magdeburg"]
[PlyCount "93"]
[WhiteFideId "16212347"]
[EventCountry "GER"]
[EventRounds "7"]
[EventType "team-swiss"]
[EventDate "2015.12.26"]

1. e4 e5 2. Nf3 Nc6 3. Bc4 Bc5 4. c3 Nf6 5. d4 exd4 6. cxd4 Bb4+ 7. Nc3 Bxc3+
8. bxc3 Nxe4 9. O-O O-O 10. Qd3 Nf6 11. d5 Na5 12. Bb3 Nxb3 13. axb3 d6 14. Bg5
h6 15. Bh4 Bg4 16. c4 Bxf3 17. Qxf3 Re8 18. Rfe1 Rxe1+ 19. Rxe1 g5 20. Bg3 c5
21. h4 g4 22. Qf4 h5 23. Qxd6 Qxd6 24. Bxd6 b6 25. Be7 Re8 26. d6 Nd7 27. Rd1
a5 28. Rd5 Kg7 29. Rxh5 Kg6 30. Rg5+ Kh7 31. Rxg4 Rg8 32. Rxg8 Kxg8 33. f4 Kg7
34. g4 Kg6 35. f5+ Kg7 36. Kf2 f6 37. Ke3 Kf7 38. Ke4 Ke8 39. g5 fxg5 40. hxg5
Nf8 41. Bxf8 Kxf8 42. g6 Ke8 43. f6 Kd7 44. Kd5 Ke8 45. Kc6 Kd8 46. g7 Ke8 47.
g8=Q# 1-0

[Event "DVM U12 2015"]
[Site "Magdeburg GER"]
[Date "2015.12.27"]
[Round "2"]
[White "Bartels, Sebastian"]
[Black "Liebeskind, Pascal"]
[Result "0-1"]
[Termination "normal"]
[Board "9.3"]
[WhiteElo "788"]
[BlackElo "1654"]
[WhiteTeam "Schachzwerge Magdeburg"]
[BlackTeam "TSG Apolda"]
[PlyCount "84"]
[WhiteFideId "16278542"]
[BlackFideId "16212380"]
[EventCountry "GER"]
[EventRounds "7"]
[EventType "team-swiss"]
[EventDate "2015.12.26"]

1. e4 c5 2. Nf3 Nc6 3. Bc4 Nf6 4. Nc3 g6 5. d3 Bg7 6. O-O O-O 7. Be3 d6 8. d4
cxd4 9. Nxd4 Ng4 10. Nxc6 bxc6 11. Bd4 Ne5 12. Qe2 Nxc4 13. Qxc4 Be6 14. Qxc6
Bxd4 15. Nb5 Bd7 16. Qd5 Bxb5 17. Qxb5 Qb6 18. Qd5 Qc5 19. Rad1 Qxd5 20. exd5
Bxb2 21. Rfe1 Be5 22. c4 Rfc8 23. Re4 f5 24. Rh4 g5 25. Rh5 Bf6 26. Rc1 Rc5 27.
f4 Bd4+ 28. Kf1 Be3 29. Rxg5+ Kh8 30. Rc2 Bxf4 31. Rxf5 Bxh2 32. Rf7 Be5 33.
Rc1 Bf6 34. g4 Kg8 35. Rxf6 exf6 36. Re1 Rxc4 37. Re6 Rf4+ 38. Ke2 Rd8 39. Ke3
Rxg4 40. Rxf6 Re8+ 41. Kf3 Rg6 42. Rxd6 Rxd6 0-1

[Event "DVM U12 2015"]
[Site "Magdeburg GER"]
[Date "2015.12.27"]
[Round "2"]
[White "Kroh, Christian"]
[Black "Felsch, Paula"]
[Result "1-0"]
[Termination "normal"]
[Board "9.4"]
[WhiteElo "1438"]
[BlackElo "835"]
[WhiteTeam "TSG Apolda"]
[BlackTeam "Schachzwerge Magdeburg"]
[PlyCount "61"]
[WhiteFideId "12995606"]
[EventCountry "GER"]
[EventRounds "7"]
[EventType "team-swiss"]
[EventDate "2015.12.26"]

1. d4 d5 2. Nf3 Nc6 3. c4 Nf6 4. Nc3 e6 5. Bg5 dxc4 6. e4 b5 7. Nxb5 Bb4+ 8.
Nc3 Ba6 9. e5 h6 10. exf6 hxg5 11. fxg7 Rg8 12. Qa4 g4 13. Qxc6+ Ke7 14. Qxa6
gxf3 15. gxf3 Qxd4 16. Qxc4 Qd6 17. Rd1 Qb6 18. Rg1 a5 19. h4 f6 20. h5 Kf7 21.
h6 a4 22. Bh3 Rae8 23. Rd7+ Re7 24. Rxe7+ Bxe7 25. Bxe6+ Qxe6+ 26. Qxe6+ Kxe6
27. h7 Rb8 28. g8=Q+ Kf5 29. Qg4+ Ke5 30. Qe4+ Kd6 31. Qd5# 1-0